| 000 | 01044nam a2200253Ia 4500 | ||
|---|---|---|---|
| 003 | OSt | ||
| 005 | 20250801114500.0 | ||
| 008 | 191128s1990 ck gr 000 j spa d | ||
| 020 | _a9580409773 | ||
| 040 |
_aCO-JMCR _cCO-JMCR |
||
| 041 | _aspa | ||
| 082 | 0 | 4 |
_aA-C _bQUIh |
| 100 | 1 |
_aQuiroga, Horacio, _d1878-1937, _eautor _94855 |
|
| 245 | 1 | 3 |
_aEl hombre muerto / _cHoracio Quiroga |
| 250 | _aPrimera edición | ||
| 260 |
_aBogotá : _bNorma, _c1990 |
||
| 300 |
_a148 páginas ; _c 20 cm. |
||
| 490 | _aCara y cruz | ||
| 500 | _aCon: A propósito de Horacio Quiroga y su obra | ||
| 505 | _aEl hombre muerto -- El hijo -- Los precursores -- La llama -- La voluntad -- Anaconda -- El desierto -- A la deriva -- Los desterrados -- El almohadón de pluma -- La insolación | ||
| 520 | _aHoracio Quiroga destiló una notoria precisión de estilo que le permitió narrar magistralmente la violencia y el horror que se esconden detrás de la aparente apacibilidad de la naturaleza. | ||
| 650 |
_aCuentos uruguayos _94859 |
||
| 942 |
_2ddc _cBK |
||
| 999 |
_c3555 _d3555 |
||